The organized executive : a program for productivity : new ways to manage time, paper, and people / (Record no. 617158)

000 -LEADER
fixed length control field 00435nam a2200133 4500
020 ## - INTERNATIONAL STANDARD BOOK NUMBER
Qualifying information PB.
040 ## - CATALOGING SOURCE
Transcribing agency FIZZA ISHAQ
082 ## - DEWEY DECIMAL CLASSIFICATION NUMBER
Classification number 658.4
Author Mark WIN
100 ## - MAIN ENTRY--PERSONAL NAME
Personal name Winston, Stephanie.
9 (RLIN) 134191
245 ## - TITLE STATEMENT
Title The organized executive : a program for productivity : new ways to manage time, paper, and people /
Statement of responsibility, etc. Stephanie Winston.
260 ## - PUBLICATION, DISTRIBUTION, ETC.
Place of publication, distribution, etc. New York :
Name of publisher, distributor, etc. A Time Warner Company ,
Date of publication, distribution, etc. 1983.
300 ## - PHYSICAL DESCRIPTION
Extent 345 p. : ill. ;
Dimensions 21 cm
942 ## - ADDED ENTRY ELEMENTS (KOHA)
Source of classification or shelving scheme
Koha item type Book
Holdings
Withdrawn status Lost status Source of classification or shelving scheme Damaged status Not for loan Permanent Location Current Location Shelving location Date acquired Total Checkouts Full call number Barcode Date last seen Price effective from Koha item type
          NUST Baluchistan Campus (NBC) NUST Baluchistan Campus (NBC) Reference 04/17/2026   658.4 WIN QD-569 04/17/2026 04/17/2026 Book
© 2023 Central Library, National University of Sciences and Technology. All Rights Reserved.